Football Jerseys #2 - Statistics

General Stats
  • This quiz has been taken 275 times
  • The average score is 9 of 9
Answer Stats
Picture Answer % Correct
Arsenal
100%
Liverpool
100%
Real Madrid
100%
France
99%
Paris Saint-Germain
99%
Tottenham Hotspur
99%
Inter Milan
98%
Atletico Madrid
97%
Germany
97%
No matching quizzes found
Score Distribution
Percent of People with Each Score
Percentile by Number Answered
Your Score History
You have not taken this quiz